The policy of non-alignment / (Record no. 24842)

MARC details
000 -LEADER
fixed length control field 00574nam a2200193Ia 4500
008 - FIXED-LENGTH DATA ELEMENTS--GENERAL INFORMATION
fixed length control field 210303s9999 xx 000 0 und d
016 ## - NATIONAL BIBLIOGRAPHIC AGENCY CONTROL NUMBER
Source reto2022b
040 ## - CATALOGING SOURCE
Original cataloging agency NLN
Language of cataloging English
Description conventions AACR2
100 ## - MAIN ENTRY--AUTHOR
Author ETINGER, IAkov IAkovlevich
Relator term aut
245 #4 - TITLE STATEMENT
Title The policy of non-alignment /
Statement of responsibility, etc IAkov IAkovlevich Etinger
260 ## - PUBLICATION, DISTRIBUTION, ETC. (IMPRINT)
Place of publication Moscow :
Name of publisher Progress Publishers,
Date of publication 1965
300 ## - COLLATION
Pagination 139p. ;
Other physical details 20cm.
563 ## - BINDING INFORMATION
Binding note (pbk)
650 ## - TRACINGS
Main Subject Newly independent states
Subdivision (1st) Politics and government
942 ## - ADDED ENTRY ELEMENTS (KOHA)
Item type Books
050 ## - LIBRARY OF CONGRESS CALL NUMBER
Classification number DS35
Item number .E84
082 ## - DEWEY DECIMAL CLASSIFICATION NUMBER
Classification number 950.4
Holdings
Withdrawn status Lost status Source of classification or shelving scheme Damaged status Not for loan Home library Current library Date acquired Total Checkouts Full call number Barcode. Date last seen Price effective from Koha item type
    Library of Congress Classification     LAGOS BRANCH National Library of Nigeria 04/03/2021   DS35 .E84 2025-456774 04/03/2021 04/03/2021 Books

National Library of Nigeria OPAC is powered by Koha